000 01564cam a2200133 4500500
005 20260405085527.0
041 _afre
042 _adc
100 1 0 _aDucange, Jean-Numa
_eauthor
245 0 0 _aLa République ensanglantée : Berlin, Vienne : aux sources du nazisme
260 _bArmand Colin,
_c2022.
520 _aLe 30 janvier 1933, lorsque Adolf Hitler accède au pouvoir en Allemagne, un de ses objectifs est de mettre fin à « novembre 1918 ». Il désignait ainsi l’esprit révolutionnaire et républicain né à la fin de la Grande Guerre, coupable selon lui d’avoir mis son pays à genoux. Un an plus tard, à Vienne, Engelbert Dollfuss écrase dans le sang le mouvement ouvrier autrichien. En dépit de leurs différences, Hitler et Dollfuss partageaient une même volonté : liquider les mouvements socialistes et communistes les plus puissants d’Europe.Quinze ans plus tôt à Berlin, Vienne, Budapest, Munich, la révolution était à l’ordre du jour dans tout l’espace de la Mitteleuropa. Les républiques proclamées comme les expériences de démocratie « par en bas » se multiplient. Des épisodes, désormais largement oubliés et refoulés, sans lesquels l’histoire de ces pays est pourtant incompréhensible. Refusant d’écrire l’histoire en considérant comme inévitable la fin tragique de 1933, le présent ouvrage revient sur ces expériences, et montre que d’autres possibles existaient.
856 4 1 _uhttps://shs.cairn.info/la-republique-ensanglantee--9782200631772?lang=fr&redirect-ssocas=7080
999 _c2198297
_d2198297